Score 0/20 Timer 07:00
6 Plays Today
Letter Spell % Correct
AAccio
95.4%
EExpecto Patronum
87.2%
CConfundus
84.5%
LLumos
79.5%
SStupefy
74.6%
IImmobulus
72.7%
WWingardium Leviosa
71.9%
RReducto
68.8%
PPetrificus Totalus
55.8%
NNox
55.6%
Letter Spell % Correct
OObliviate
50.5%
DDiffindo
44.2%
FFidelius
35.5%
MMorsmordre
34.9%
BBombarda
31.4%
TTarantallegra
20.6%
QQuietus
17.4%
HHarmonia Nectere Passus
15.8%
GGeminio
15.7%
VVipera Evanesca
10.7%
Remove Ads.
Support Sporcle.
Get the best of Sporcle when you Go Orange. This ad-free experience offers more features, more stats, and more fun while also helping to support Sporcle. Thank you for becoming a member.

You're not logged in!

Compare scores with friends on all Sporcle quizzes.
OR
Log In

Sporcle TV

Today on Sporcle TV


Watch our educational content, quiz creation guides, and fun videos on Sporcle TV.

Show Comments

Extras

Top Quizzes Today


Score Distribution

Paid Content

Your Account Isn't Verified!

In order to create a playlist on Sporcle, you need to verify the email address you used during registration. Go to your Sporcle Settings to finish the process.

Report this User

Report this user for behavior that violates our Community Guidelines.

Details: